00306 a2200109 4500001000700000020000600007040001100013100002400024240007200048245006700120362000900187168231 a  cMagnum aMcardle, William D.10aFisiologia do exercicio: energia, nutricao e desempenho humanolpor10aFisiologia do exercicio: energia, nutricao e desempenho humano0 a1899